| 000 | 00848cab a2200241 4500 | ||
|---|---|---|---|
| 001 | WB3414-02 | ||
| 008 | 090401t1998 xxu||||| |||| 00| 0 eng d | ||
| 035 | _a(Sirsi) u85520 | ||
| 041 | _aeng | ||
| 245 | _aEC procurement thresholds raised | ||
| 260 | _c1998 | ||
| 350 | _a0 | ||
| 490 |
_aCSM _bChartered Surveyor Monthly _v7(7) April 1998, 9(1) |
||
| 520 | _aThe sterling equivalents of EC procurement thresholds have been recalculated and now apply at the new rate from 1 January 1998 to 31 December 1999. Includes tables. HM Treasury web site (http://www.hm-treasury.gov.uk). | ||
| 650 | _aCALCULATIONS | ||
| 650 | _aEC PROCUREMENT THRESHOLDS | ||
| 650 | _aPROCUREMENT GUIDELINES | ||
| 650 | _aPUBLIC CONTRACTS | ||
| 650 | _aTHRESHOLDS | ||
| 690 | _aBUILT ENVIRONMENT-BUILDING CONTRACT FORMS | ||
| 942 | _n0 | ||
| 948 | _c08/04/1998 | ||
| 999 |
_c53782 _d53782 |
||